| 000 | 00628nam a2200217Ia 4500 | ||
|---|---|---|---|
| 005 | 20241129110045.0 | ||
| 008 | 241129s9999||||xx |||||||||||||| ||und|| | ||
| 020 | _a978-1-7936-0952-6 | ||
| 037 | _aTB | ||
| 040 |
_aARTS _beng _cARTS |
||
| 041 |
_aeng _2eng |
||
| 084 |
_aV6.P1 R0 _qARTS |
||
| 100 |
_aMienie Edward L. Au. _9727057 |
||
| 245 | 0 |
_aSecurity, governance, and state fragility in South Africa _cMienie Edward L. Au. |
|
| 260 |
_aMaryland _bLanham Lexington Books _c2022 |
||
| 300 | _axii,209p. | ||
| 365 |
_aUKP _b81 |
||
| 650 | _aHistory-Africa | ||
| 942 |
_cTB _hV6.P1 R0 |
||
| 999 |
_c1227153 _d1227153 |
||